| 000 | 01246cam a22004214i 4500 | ||
|---|---|---|---|
| 003 | PE-LiUPU | ||
| 005 | 20250731184527.0 | ||
| 008 | 150616s r 000 0 d | ||
| 035 | _a(Sirsi) a2062 | ||
| 040 |
_aPE-LiUPU _bspa _cPE-LiUPU _erda |
||
| 049 | _aPRUA | ||
| 082 | 0 | 4 |
_a985.713 _bR696p _223 |
| 100 | 1 |
_aRodríguez Fabregat, E., _eautor. |
|
| 245 | 1 | 0 |
_aPasión y crónica del Amazonas / _cFabregat E. Rodríguez. |
| 264 | 1 |
_aBuenos Aires : _bEditorial Losada, _c1955. |
|
| 300 |
_a334 páginas : _bilustraciones ; _c21 centímetros. |
||
| 336 |
_atext _2rdacontent |
||
| 337 |
_aunmediated _2rdamedia |
||
| 338 |
_avolume _2rdacarrier |
||
| 505 | 0 | _aLa epopeya del río -- La epopeya del hombre -- El reino de las amazonas -- Ana de Ayala -- En los destinos de América. | |
| 526 | _aP136 | ||
| 526 | _aP135 | ||
| 526 | _aP134 | ||
| 526 | _aP133 | ||
| 526 | _aP144 | ||
| 526 | _aP143 | ||
| 526 | _aP87 | ||
| 526 | _aP35 | ||
| 526 | _aP20 | ||
| 526 | _aP14 | ||
| 526 | _aP10 | ||
| 526 | _aP06 | ||
| 651 | 1 | 4 |
_aAmazonas (Río) _xDescripciones y viajes. _94401 |
| 910 | _ajck | ||
| 942 |
_2ddc _cBK |
||
| 999 |
_c20998 _d20998 |
||
| 980 |
_81 _gALBERTO SANCHEZ Responsable de Automatización |
||